| 000 | 00784nam a22002177a 4500 | ||
|---|---|---|---|
| 003 | OSt | ||
| 005 | 20260127032907.0 | ||
| 008 | 260127b |||||||| |||| 00| 0 eng d | ||
| 020 | _a13 : 978-0-07-148983-6. | ||
| 040 |
_aDWCL-Main lib _cOC |
||
| 082 | _aGR. 004.22 S631c 2007 | ||
| 100 | _aSlack, S. E. | ||
| 245 |
_aCNET do-it-yourself figital home office projects : _b24 cool things you didn't know you could do! _cSlack, S. E. |
||
| 260 |
_aN. Y. : _bMcGraw-Hill, _cc2007. |
||
| 300 |
_axiii, 303 pages : _billustration ; _c27 cm. |
||
| 504 | _aIncludes index. | ||
| 650 | _a1. Home computer networks-Amateurs' manuals. | ||
| 650 | _a2. Home-based business-Equipment and supplies-Amateurs' manuals. | ||
| 650 | _a3. Microcomputers-Amateurs' manuals. | ||
| 942 |
_2ddc _cGR _kGR. _n0 |
||
| 999 |
_c7852 _d7852 |
||